Marseille Full Squads (2000-) - Statistics

General Stats
  • This quiz has been taken 406 times
    249 since last reset
  • The average score is 224 of 625
Answer Stats
Year # Pos/Country Answer % Correct
2001-2002 8 MF Ibrahim Bá
91%
2007-2008 30 GK Steve Mandanda
89%
2008-2009 30 GK Steve Mandanda
89%
2009-2010 30 GK Steve Mandanda
89%
2010-2011 30 GK Steve Mandanda
89%
2011-2012 30 GK Steve Mandanda
89%
2012-2013 30 GK Steve Mandanda
89%
2013-2014 30 GK Steve Mandanda
89%
2014-2015 30 GK Steve Mandanda
89%
2015-2016 30 GK Steve Mandanda
89%
2017-2018 30 GK Steve Mandanda
89%
2018-2019 30 GK Steve Mandanda
89%
2019-2020 30 GK Steve Mandanda
89%
2020-2021 30 GK Steve Mandanda
89%
2021-2022 30 GK Steve Mandanda
89%
2023-2024 10 FW Pierre-Emerick Aubameyang
86%
2023-2024 19 MF Geoffrey Kondogbia
83%
2024-2025 19 MF Geoffrey Kondogbia
83%
2013-2014 17 MF Dimitri Payet
77%
2014-2015 17 MF Dimitri Payet
77%
2016-2017 11 MF Dimitri Payet
77%
2017-2018 10 MF Dimitri Payet
77%
2018-2019 10 MF Dimitri Payet
77%
2019-2020 10 MF Dimitri Payet
77%
2020-2021 10 MF Dimitri Payet
77%
2021-2022 10 MF Dimitri Payet
77%
2022-2023 10 MF Dimitri Payet
77%
2024-2025 10 FW Mason Greenwood
76%
2019-2020 40 GK Ahmadou Dia
74%
2020-2021 19 FW Arkadiusz Milik
74%
2021-2022 9 FW Arkadiusz Milik
74%
2022-2023 9 FW Arkadiusz Milik
74%
2024-2025 1 GK Gerónimo Rulli
73%
2022-2023 70 FW Alexis Sánchez
72%
2018-2019 15 DF Duje Caleta-Car
71%
2019-2020 15 DF Duje Caleta-Car
71%
2020-2021 15 DF Duje Caleta-Car
71%
2021-2022 15 DF Duje Caleta-Car
71%
2021-2022 16 GK Pau López
71%
2022-2023 16 GK Pau López
71%
2023-2024 16 GK Pau López
71%
2016-2017 27 MF Maxime Lopez
69%
2017-2018 27 MF Maxime Lopez
69%
2018-2019 27 MF Maxime Lopez
69%
2019-2020 27 MF Maxime Lopez
69%
2013-2014 14 FW Florian Thauvin
67%
2014-2015 14 FW Florian Thauvin
67%
2015-2016 24 FW Florian Thauvin
67%
2016-2017 26 FW Florian Thauvin
67%
2017-2018 26 FW Florian Thauvin
67%
2018-2019 26 FW Florian Thauvin
67%
2019-2020 26 FW Florian Thauvin
67%
2020-2021 26 FW Florian Thauvin
67%
2021-2022 23 DF Sead Kolasinac
67%
2022-2023 23 DF Sead Kolasinac
67%
2003-2004 11 FW Didier Drogba
65%
2016-2017 2 DF Hiroki Sakai
65%
2017-2018 2 DF Hiroki Sakai
65%
2018-2019 2 DF Hiroki Sakai
65%
2019-2020 2 DF Hiroki Sakai
65%
2020-2021 2 DF Hiroki Sakai
65%
2020-2021 5 DF Leonardo Balerdi
65%
2021-2022 5 DF Leonardo Balerdi
65%
2022-2023 5 DF Leonardo Balerdi
65%
2023-2024 5 DF Leonardo Balerdi
65%
2024-2025 5 DF Leonardo Balerdi
65%
2017-2018 11 FW Konstantinos Mitroglou
63%
2018-2019 11 FW Konstantinos Mitroglou
63%
2013-2014 13 MF Mario Lemina
63%
2014-2015 8 MF Mario Lemina
63%
2015-2016 8 MF Mario Lemina
63%
2006-2007 9 FW Djibril Cissé
62%
2007-2008 9 FW Djibril Cissé
62%
2008-2009 9 FW Djibril Cissé
62%
2009-2010 6 MF Édouard Cissé
62%
2010-2011 6 MF Édouard Cissé
62%
2009-2010 8 MF Lucho González
62%
2010-2011 8 MF Lucho González
62%
2011-2012 8 MF Lucho González
62%
2024-2025 23 MF Pierre-Emile Højbjerg
62%
2021-2022 17 FW Cengiz Ünder
61%
2022-2023 17 FW Cengiz Ünder
61%
2024-2025 25 MF Adrien Rabiot
60%
2019-2020 3 DF Álvaro González
60%
2020-2021 3 DF Álvaro González
60%
2021-2022 3 DF Álvaro González
60%
2007-2008 29 FW André Ayew
60%
2010-2011 20 FW André Ayew
60%
2011-2012 20 FW André Ayew
60%
2012-2013 10 FW André Ayew
60%
2013-2014 10 FW André Ayew
60%
2014-2015 10 FW André Ayew
60%
2009-2010 15 FW Jordan Ayew
60%
2010-2011 15 FW Jordan Ayew
60%
2011-2012 23 FW Jordan Ayew
60%
2012-2013 8 FW Jordan Ayew
60%
2013-2014 11 FW Jordan Ayew
60%
2015-2016 17 DF Bouna Sarr
59%
2016-2017 17 DF Bouna Sarr
59%
2017-2018 17 DF Bouna Sarr
59%
2018-2019 17 DF Bouna Sarr
59%
2019-2020 17 DF Bouna Sarr
59%
2023-2024 23 FW Ismaïla Sarr
59%
2005-2006 11 FW Mamadou Niang
59%
2006-2007 11 FW Mamadou Niang
59%
2007-2008 11 FW Mamadou Niang
59%
2008-2009 11 FW Mamadou Niang
59%
2009-2010 11 FW Mamadou Niang
59%
2010-2011 11 FW Mamadou Niang
59%
2010-2011 10 FW André-Pierre Gignac
56%
2011-2012 10 FW André-Pierre Gignac
56%
2012-2013 9 FW André-Pierre Gignac
56%
2013-2014 9 FW André-Pierre Gignac
56%
2014-2015 9 FW André-Pierre Gignac
56%
2008-2009 14 FW Bakari Koné
56%
2009-2010 14 FW Bakari Koné
56%
2024-2025 15 MF Ismaël Koné
56%
2004-2005 22 MF Samir Nasri
56%
2005-2006 22 MF Samir Nasri
56%
2006-2007 22 MF Samir Nasri
56%
2007-2008 22 MF Samir Nasri
56%
2004-2005 3 DF Taye Taiwo
56%
2005-2006 3 DF Taye Taiwo
56%
2006-2007 3 DF Taye Taiwo
56%
2007-2008 3 DF Taye Taiwo
56%
2008-2009 3 DF Taye Taiwo
56%
2009-2010 3 DF Taye Taiwo
56%
2010-2011 3 DF Taye Taiwo
56%
2011-2012 4 MF Alou Diarra
55%
2021-2022 7 MF Amine Harit
55%
2022-2023 77 MF Amine Harit
55%
2023-2024 11 MF Amine Harit
55%
2024-2025 11 MF Amine Harit
55%
2013-2014 23 DF Benjamin Mendy
55%
2014-2015 23 DF Benjamin Mendy
55%
2015-2016 23 DF Benjamin Mendy
55%
2003-2004 16 GK Fabien Barthez
55%
2004-2005 16 GK Fabien Barthez
55%
2005-2006 16 GK Fabien Barthez
55%
2022-2023 99 DF Chancel Mbemba
54%
2023-2024 99 DF Chancel Mbemba
54%
2015-2016 10 MF Lassana Diarra
54%
2016-2017 10 MF Lassana Diarra
54%
2006-2007 28 MF Mathieu Valbuena
54%
2007-2008 28 MF Mathieu Valbuena
54%
2008-2009 28 MF Mathieu Valbuena
54%
2009-2010 28 MF Mathieu Valbuena
54%
2010-2011 28 MF Mathieu Valbuena
54%
2011-2012 28 MF Mathieu Valbuena
54%
2012-2013 28 MF Mathieu Valbuena
54%
2013-2014 28 MF Mathieu Valbuena
54%
2024-2025 9 FW Amine Gouiri
52%
2017-2018 4 MF Boubacar Kamara
52%
2018-2019 4 MF Boubacar Kamara
52%
2019-2020 4 MF Boubacar Kamara
52%
2020-2021 4 MF Boubacar Kamara
52%
2021-2022 4 MF Boubacar Kamara
52%
2019-2020 9 FW Darío Benedetto
52%
2020-2021 9 FW Darío Benedetto
52%
2021-2022 9 FW Darío Benedetto
52%
2018-2019 9 FW Mario Balotelli
52%
2014-2015 22 FW Michy Batshuayi
52%
2015-2016 22 FW Michy Batshuayi
52%
2020-2021 22 MF Pape Gueye
52%
2021-2022 22 MF Pape Gueye
52%
2022-2023 8 MF Pape Gueye
52%
2023-2024 22 MF Pape Gueye
52%
2022-2023 9 FW Vitinha
52%
2023-2024 9 FW Vitinha
52%
2010-2011 2 DF César Azpilicueta
51%
2011-2012 2 DF César Azpilicueta
51%
2012-2013 2 DF César Azpilicueta
51%
2005-2006 7 FW Franck Ribéry
51%
2006-2007 7 FW Franck Ribéry
51%
2020-2021 11 FW Luis Henrique
51%
2021-2022 11 FW Luis Henrique
51%
2023-2024 44 FW Luis Henrique
51%
2024-2025 44 FW Luis Henrique
51%
2017-2018 23 DF Adil Rami
50%
2018-2019 23 DF Adil Rami
50%
2012-2013 6 MF Joey Barton
50%
2018-2019 12 MF Kevin Strootman
50%
2019-2020 12 MF Kevin Strootman
50%
2020-2021 6 MF Kevin Strootman
50%
2014-2015 7 FW Lucas Ocampos
50%
2015-2016 7 FW Lucas Ocampos
50%
2017-2018 5 FW Lucas Ocampos
50%
2018-2019 5 FW Lucas Ocampos
50%
2023-2024 6 DF Ulisses Garcia
50%
2024-2025 6 DF Ulisses Garcia
50%
2016-2017 18 FW Bafétimbi Gomis
48%
2017-2018 19 MF Luiz Gustavo
48%
2018-2019 19 MF Luiz Gustavo
48%
2019-2020 19 MF Luiz Gustavo
48%
2021-2022 6 MF Mattéo Guendouzi
48%
2022-2023 6 MF Mattéo Guendouzi
48%
2020-2021 29 DF Pol Lirola
48%
2021-2022 29 DF Pol Lirola
48%
2024-2025 29 DF Pol Lirola
48%
2015-2016 6 DF Rolando
48%
2016-2017 6 DF Rolando
48%
2017-2018 6 DF Rolando
48%
2018-2019 6 DF Rolando
48%
2023-2024 62 DF Amir Murillo
47%
2024-2025 62 DF Amir Murillo
47%
2011-2012 13 DF Djimi Traoré
47%
2011-2012 15 DF Jérémy Morel
47%
2012-2013 15 DF Jérémy Morel
47%
2013-2014 15 DF Jérémy Morel
47%
2014-2015 15 DF Jérémy Morel
47%
2022-2023 7 DF Jonathan Clauss
47%
2023-2024 7 DF Jonathan Clauss
47%
2022-2023 27 MF Jordan Veretout
47%
2023-2024 27 MF Jordan Veretout
47%
2017-2018 28 FW Valère Germain
47%
2018-2019 28 FW Valère Germain
47%
2019-2020 28 FW Valère Germain
47%
2020-2021 28 FW Valère Germain
47%
2022-2023 8 MF Azzedine Ounahi
45%
2023-2024 8 MF Azzedine Ounahi
45%
2008-2009 9 FW Brandão
45%
2009-2010 9 FW Brandão
45%
2010-2011 9 FW Brandão
45%
2011-2012 9 FW Brandão
45%
2011-2012 3 DF Nicolas N'Koulou
45%
2012-2013 3 DF Nicolas N'Koulou
45%
2013-2014 3 DF Nicolas N'Koulou
45%
2014-2015 3 DF Nicolas N'Koulou
45%
2015-2016 3 DF Nicolas N'Koulou
45%
2007-2008 7 MF Benoît Cheyrou
44%
2008-2009 7 MF Benoît Cheyrou
44%
2009-2010 7 MF Benoît Cheyrou
44%
2010-2011 7 MF Benoît Cheyrou
44%
2011-2012 7 MF Benoît Cheyrou
44%
2012-2013 7 MF Benoît Cheyrou
44%
2013-2014 7 MF Benoît Cheyrou
44%
2004-2005 8 MF Bruno Cheyrou
44%
2000-2001 29 FW George Weah
44%
2008-2009 20 MF Hatem Ben Arfa
44%
2009-2010 10 MF Hatem Ben Arfa
44%
2010-2011 10 MF Hatem Ben Arfa
44%
2024-2025 22 MF Ismaël Bennacer
44%
2019-2020 21 MF Valentin Rongier
44%
2020-2021 21 MF Valentin Rongier
44%
2021-2022 21 MF Valentin Rongier
44%
2022-2023 21 MF Valentin Rongier
44%
2023-2024 21 MF Valentin Rongier
44%
2024-2025 21 MF Valentin Rongier
44%
2020-2021 25 DF Yuto Nagatomo
44%
2015-2016 16 GK Yohann Pelé
43%
2016-2017 16 GK Yohann Pelé
43%
2017-2018 16 GK Yohann Pelé
43%
2018-2019 16 GK Yohann Pelé
43%
2019-2020 16 GK Yohann Pelé
43%
2020-2021 16 GK Yohann Pelé
43%
2022-2023 4 DF Samuel Gigot
42%
2023-2024 4 DF Samuel Gigot
42%
2021-2022 8 MF Gerson
41%
2022-2023 8 MF Gerson
41%
2018-2019 7 FW Nemanja Radonjić
41%
2019-2020 7 FW Nemanja Radonjić
41%
2020-2021 7 FW Nemanja Radonjić
41%
2021-2022 7 FW Nemanja Radonjić
41%
2021-2022 2 DF William Saliba
41%
2009-2010 19 DF Gabriel Heinze
40%
2010-2011 19 DF Gabriel Heinze
40%
2015-2016 14 FW Georges-Kevin N'Koudou
40%
2010-2011 11 FW Loïc Rémy
40%
2011-2012 11 FW Loïc Rémy
40%
2012-2013 11 FW Loïc Rémy
40%
2005-2006 19 MF Lorik Cana
40%
2006-2007 19 MF Lorik Cana
40%
2007-2008 19 MF Lorik Cana
40%
2008-2009 19 MF Lorik Cana
40%
2015-2016 8 MF Lucas Silva
40%
2016-2017 8 MF Morgan Sanson
40%
2017-2018 8 MF Morgan Sanson
40%
2018-2019 8 MF Morgan Sanson
40%
2019-2020 8 MF Morgan Sanson
40%
2020-2021 8 MF Morgan Sanson
40%
2024-2025 8 FW Neal Maupay
40%
2007-2008 12 MF Charles Kaboré
39%
2008-2009 12 MF Charles Kaboré
39%
2009-2010 12 MF Charles Kaboré
39%
2010-2011 12 MF Charles Kaboré
39%
2011-2012 12 MF Charles Kaboré
39%
2012-2013 19 MF Charles Kaboré
39%
2022-2023 18 MF Ruslan Malinovskyi
39%
2016-2017 14 FW Clinton N'Jie
38%
2017-2018 14 FW Clinton N'Jie
38%
2018-2019 14 FW Clinton N'Jie
38%
2001-2002 4 DF Daniel Van Buyten
38%
2002-2003 4 DF Daniel Van Buyten
38%
2003-2004 4 DF Daniel Van Buyten
38%
2022-2023 3 DF Eric Bailly
38%
2023-2024 29 FW Iliman Ndiaye
38%
2022-2023 29 DF Issa Kaboré
38%
2023-2024 17 MF Jean Onana
38%
2015-2016 9 FW Steven Fletcher
38%
2021-2022 13 FW Cédric Bakambu
37%
2015-2016 29 MF Frank Anguissa
37%
2016-2017 29 MF Frank Anguissa
37%
2017-2018 29 MF Frank Anguissa
37%
2024-2025 17 FW Jonathan Rowe
37%
2004-2005 28 DF Leyti N'Diaye
37%
2010-2011 14 DF Leyti N'Diaye
37%
2012-2013 5 DF Leyti N'Diaye
37%
2015-2016 18 DF Mauricio Isla
37%
2003-2004 7 MF Sylvain N'Diaye
37%
2004-2005 25 MF Sylvain N'Diaye
37%
2002-2003 16 GK Cédric Carrasso
36%
2005-2006 1 GK Cédric Carrasso
36%
2006-2007 1 GK Cédric Carrasso
36%
2007-2008 1 GK Cédric Carrasso
36%
2023-2024 20 FW Joaquín Correa
36%
2023-2024 3 DF Quentin Merlin
36%
2024-2025 3 DF Quentin Merlin
36%
2012-2013 4 DF Lucas Mendes
35%
2013-2014 4 DF Lucas Mendes
35%
2014-2015 4 DF Lucas Mendes
35%
2009-2010 21 DF Souleymane Diawara
35%
2010-2011 21 DF Souleymane Diawara
35%
2011-2012 21 DF Souleymane Diawara
35%
2012-2013 21 DF Souleymane Diawara
35%
2013-2014 21 DF Souleymane Diawara
35%
2006-2007 20 DF Hassoun Camara
34%
2014-2015 11 FW Romain Alessandrini
34%
2015-2016 11 FW Romain Alessandrini
34%
2016-2017 11 FW Romain Alessandrini
34%
2000-2001 20 DF Zoumana Camara
34%
2001-2002 21 DF Zoumana Camara
34%
2015-2016 4 DF Karim Rekik
33%
2016-2017 4 DF Karim Rekik
33%
2022-2023 30 DF Nuno Tavares
33%
2016-2017 21 DF Patrice Evra
33%
2017-2018 21 DF Patrice Evra
33%
2022-2023 36 GK Rubén Blanco
33%
2023-2024 36 GK Rubén Blanco
33%
2013-2014 16 GK Brice Samba
32%
2014-2015 16 GK Brice Samba
32%
2024-2025 9 FW Elye Wahi
32%
2021-2022 20 FW Konrad de la Fuente
32%
2009-2010 17 MF Stéphane Mbia
32%
2010-2011 17 MF Stéphane Mbia
32%
2011-2012 17 MF Stéphane Mbia
32%
2012-2013 17 MF Stéphane Mbia
32%
2012-2013 20 MF Alaixys Romao
31%
2013-2014 20 MF Alaixys Romao
31%
2014-2015 20 MF Alaixys Romao
31%
2015-2016 20 MF Alaixys Romao
31%
2024-2025 13 DF Derek Cornelius
31%
2024-2025 12 GK Jeffrey de Lange
31%
2017-2018 18 DF Jordan Amavi
31%
2018-2019 18 DF Jordan Amavi
31%
2019-2020 18 DF Jordan Amavi
31%
2020-2021 18 DF Jordan Amavi
31%
2021-2022 3 DF Jordan Amavi
31%
2006-2007 4 DF Julien Rodriguez
31%
2007-2008 4 DF Julien Rodriguez
31%
2008-2009 4 DF Julien Rodriguez
31%
2009-2010 4 DF Julien Rodriguez
31%
2010-2011 24 DF Rod Fanni
31%
2011-2012 24 DF Rod Fanni
31%
2012-2013 24 DF Rod Fanni
31%
2013-2014 24 DF Rod Fanni
31%
2014-2015 24 DF Rod Fanni
31%
2016-2017 24 DF Rod Fanni
31%
2016-2017 15 DF Tomas Hubocan
31%
2017-2018 15 DF Tomas Hubocan
31%
2018-2019 25 DF Tomas Hubocan
31%
2024-2025 26 MF Bilal Nadir
30%
2009-2010 23 FW Fernando Morientes
30%
2003-2004 9 FW Mido
30%
2001-2002 12 DF Abdoulaye Méïté
29%
2002-2003 12 DF Abdoulaye Méïté
29%
2003-2004 12 DF Abdoulaye Méïté
29%
2004-2005 12 DF Abdoulaye Méïté
29%
2005-2006 12 DF Abdoulaye Méïté
29%
2021-2022 14 DF Luan Peres
29%
2011-2012 18 MF Morgan Amalfitano
29%
2012-2013 18 MF Morgan Amalfitano
29%
2013-2014 18 MF Morgan Amalfitano
29%
2023-2024 18 DF Bamo Meïté
28%
2001-2002 1 GK Vedran Runje
28%
2002-2003 1 GK Vedran Runje
28%
2003-2004 1 GK Vedran Runje
28%
2007-2008 10 FW Boudewijn Zenden
27%
2008-2009 10 FW Boudewijn Zenden
27%
2022-2023 11 FW Luis Suárez
27%
2015-2016 13 MF Rémy Cabella
27%
2016-2017 7 MF Rémy Cabella
27%
2024-2025 77 DF Amar Dedic
26%
2015-2016 2 DF Javier Manquillo
26%
2024-2025 7 MF Valentín Carboni
26%
2017-2018 13 DF Aymen Abdennour
25%
2016-2017 12 DF Henri Bedimo
25%
2017-2018 12 DF Henri Bedimo
25%
2021-2022 12 FW Bamba Dieng
24%
2022-2023 9 FW Bamba Dieng
24%
2013-2014 25 MF Giannelli Imbula
24%
2014-2015 25 MF Giannelli Imbula
24%
2023-2024 12 DF Renan Lodi
24%
2013-2014 26 MF Brice Dja Djedje
23%
2014-2015 26 MF Brice Dja Djedje
23%
2015-2016 26 MF Brice Dja Djedje
23%
2008-2009 5 DF Hilton
23%
2009-2010 5 DF Hilton
23%
2010-2011 5 DF Hilton
23%
2012-2013 2 DF Kassim Abdallah
23%
2013-2014 2 DF Kassim Abdallah
23%
2000-2001 3 DF Manuel dos Santos
23%
2001-2002 3 DF Manuel dos Santos
23%
2002-2003 3 DF Manuel dos Santos
23%
2003-2004 3 DF Manuel dos Santos
23%
2016-2017 3 DF Matheus Dória
23%
2017-2018 3 DF Matheus Dória
23%
2016-2017 20 MF Saîf-Eddine Khaoui
23%
2019-2020 24 MF Saîf-Eddine Khaoui
23%
2020-2021 24 MF Saîf-Eddine Khaoui
23%
2007-2008 24 DF Laurent Bonnart
22%
2008-2009 24 DF Laurent Bonnart
22%
2009-2010 24 DF Laurent Bonnart
22%
2004-2005 3 DF Bixente Lizarazu
21%
2000-2001 23 DF William Gallas
21%
2023-2024 14 FW Faris Moumbagna
20%
2014-2015 27 MF Abdelaziz Barrada
19%
2015-2016 19 MF Abdelaziz Barrada
19%
2005-2006 2 DF André Luis
19%
2001-2002 28 MF André Luiz
19%
2004-2005 17 MF Benoît Pedretti
19%
2000-2001 28 FW Ibrahima Bakayoko
19%
2001-2002 10 FW Ibrahima Bakayoko
19%
2002-2003 10 FW Ibrahima Bakayoko
19%
2020-2021 17 MF Michaël Cuisance
19%
2015-2016 25 DF Paolo De Ceglie
19%
2016-2017 22 FW Aaron Leya Iseka
18%
2002-2003 33 DF Jérôme Perez
18%
2013-2014 29 FW Saber Khalifa
18%
2000-2001 15 DF Sébastien Pérez
18%
2002-2003 8 DF Sébastien Pérez
18%
2003-2004 8 DF Sébastien Pérez
18%
2004-2005 18 MF Eduardo Costa
17%
2001-2002 9 FW Fernandão
17%
2002-2003 9 FW Fernandão
17%
2003-2004 10 FW Fernandão
17%
2011-2012 1 GK Gennaro Bracigliano
17%
2013-2014 1 GK Gennaro Bracigliano
17%
2024-2025 18 DF Lilian Brassier
17%
2001-2002 7 MF Piotr Swierczewski
17%
2002-2003 7 MF Piotr Swierczewski
17%
2019-2020 1 GK Simon Ngapandouetnbu
17%
2014-2015 5 DF Stéphane Sparagna
17%
2015-2016 15 DF Stéphane Sparagna
17%
2009-2010 40 GK Andrade
16%
2010-2011 16 GK Andrade
16%
2011-2012 16 GK Andrade
16%
2014-2015 2 DF Baptiste Aloé
16%
2016-2017 13 MF Grégory Sertic
16%
2017-2018 22 MF Grégory Sertic
16%
2018-2019 22 MF Grégory Sertic
16%
2019-2020 32 DF Lucas Perrin
16%
2020-2021 32 DF Lucas Perrin
16%
2012-2013 14 MF Foued Kadir
15%
2013-2014 14 MF Foued Kadir
15%
2003-2004 23 DF Habib Beye
15%
2004-2005 23 DF Habib Beye
15%
2005-2006 23 DF Habib Beye
15%
2006-2007 23 DF Habib Beye
15%
2007-2008 23 DF Habib Beye
15%
2007-2008 6 MF Karim Ziani
15%
2008-2009 6 MF Karim Ziani
15%
2004-2005 27 MF Koji Nakata
15%
2005-2006 27 MF Koji Nakata
15%
2019-2020 36 FW Marley Aké
15%
2020-2021 8 MF Olivier Ntcham
15%
2008-2009 22 FW Sylvain Wiltord
15%
2014-2015 18 DF Bill Tuiloma
14%
2001-2002 2 DF Joseph Yobo
14%
2001-2002 21 FW Lamine Sakho
14%
2002-2003 13 FW Lamine Sakho
14%
2016-2017 19 MF William Vainqueur
14%
2005-2006 17 FW Andrés Mendoza
13%
2009-2010 18 MF Fabrice Abriel
13%
2010-2011 18 MF Fabrice Abriel
13%
2001-2002 18 DF Frank Leboeuf
13%
2002-2003 13 DF Frank Leboeuf
13%
2004-2005 10 FW Koke
13%
2005-2006 10 FW Koke
13%
2005-2006 25 FW Mickaël Pagis
13%
2006-2007 10 FW Mickaël Pagis
13%
2000-2001 4 DF Pierre Issa
13%
2012-2013 13 MF Rafidine Abdullah
13%
2005-2006 9 FW Toifilou Maoulida
13%
2006-2007 13 FW Toifilou Maoulida
13%
2000-2001 19 MF Djamel Belmadi
12%
2001-2002 19 MF Djamel Belmadi
12%
2002-2003 19 MF Djamel Belmadi
12%
2000-2001 21 FW Dramane Coulibaly
12%
2004-2005 11 FW Fabrice Fiorèse
12%
2004-2005 5 DF Frédéric Déhu
12%
2005-2006 5 DF Frédéric Déhu
12%
2004-2005 14 FW Péguy Luyindula
12%
2005-2006 20 DF Renato Civelli
12%
2006-2007 2 DF Renato Civelli
12%
2008-2009 2 DF Renato Civelli
12%
2005-2006 26 DF Bostjan Cesar
11%
2006-2007 21 DF Bostjan Cesar
11%
2000-2001 4 MF Brahim Hemdani
11%
2001-2002 6 MF Brahim Hemdani
11%
2002-2003 6 MF Brahim Hemdani
11%
2003-2004 6 MF Brahim Hemdani
11%
2004-2005 6 MF Brahim Hemdani
11%
2003-2004 18 MF Camel Meriem
11%
2002-2003 22 FW Dmitriy Sychev
11%
2003-2004 22 FW Dmitriy Sychev
11%
2007-2008 32 DF Gaël Givet
11%
2019-2020 33 FW Isaac Lihadji
11%
2003-2004 35 MF Mathieu Flamini
11%
2006-2007 17 MF Modeste M'Bami
11%
2007-2008 17 MF Modeste M'Bami
11%
2008-2009 23 MF Modeste M'Bami
11%
2017-2018 15 FW Yusuf Sarı
11%
2016-2017 23 MF Zinédine Machach
11%
2011-2012 25 FW Billel Omrani
10%
2014-2015 19 FW Billel Omrani
10%
2003-2004 2 DF Demetrius Ferreira
10%
2004-2005 4 DF Demetrius Ferreira
10%
2005-2006 4 DF Demetrius Ferreira
10%
2000-2001 9 FW Florian Maurice
10%
2012-2013 27 FW Florian Raspentino
10%
2012-2013 27 FW Modou Sougou
10%
2006-2007 15 DF Ronald Zubar
10%
2007-2008 15 DF Ronald Zubar
10%
2008-2009 15 DF Ronald Zubar
10%
2003-2004 20 FW Steve Marlet
10%
2004-2005 7 FW Steve Marlet
10%
2005-2006 8 MF Wilson Oruma
10%
2006-2007 8 MF Wilson Oruma
10%
2007-2008 8 MF Wilson Oruma
10%
2009-2010 32 MF Alexander N'Doumbou
9%
2018-2019 40 GK Florian Escales
9%
2001-2002 20 MF Salomon Olembé
9%
2002-2003 20 MF Salomon Olembé
9%
2004-2005 15 MF Salomon Olembé
9%
2006-2007 27 MF Salomon Olembé
9%
2001-2002 17 MF Delfim
8%
2005-2006 5 MF Delfim
8%
2014-2015 29 FW Jérémie Porsan-Clémente
8%
2000-2001 13 MF Jérôme Leroy
8%
2013-2014 19 MF Laurent Abergel
8%
2003-2004 5 DF Philippe Christanval
8%
2005-2006 14 MF Sabri Lamouchi
8%
2006-2007 14 MF Sabri Lamouchi
8%
2008-2009 8 DF Tyrone Mears
8%
2002-2003 29 MF Fabio Celestini
7%
2003-2004 29 MF Fabio Celestini
7%
2018-2019 31 MF Florian Chabrolle
7%
2019-2020 29 MF Florian Chabrolle
7%
2007-2008 23 DF Juan Krupoviesa
7%
2009-2010 27 DF Pape M'Bow
7%
2012-2013 14 DF Pape M'Bow
7%
2008-2009 1 GK Rudy Riou
7%
2003-2004 14 MF Stepan Vachousek
7%
2001-2002 27 FW Wilfried Dalmat
7%
2006-2007 5 DF Alain Cantareil
6%
2014-2015 31 FW Bilal Boutobba
6%
2000-2001 5 DF Bruno N'Gotty
6%
2005-2006 13 FW Christian Giménez
6%
2001-2002 32 FW Cyril Chapuis
6%
2002-2003 11 FW Cyril Chapuis
6%
2009-2010 22 DF Cyril Rool
6%
2003-2004 28 DF David Sommeil
6%
2001-2002 13 DF Dimas
6%
2000-2001 8 MF Frédéric Brando
6%
2006-2007 6 DF Garry Bocaly
6%
2009-2010 2 DF Garry Bocaly
6%
2004-2005 25 FW Habib Bamogo
6%
2006-2007 26 FW Habib Bamogo
6%
2011-2012 26 DF Jean-Philippe Sabo
6%
2004-2005 30 GK Jérémy Gavanon
6%
2002-2003 21 DF Johnny Ecker
6%
2003-2004 21 DF Johnny Ecker
6%
2004-2005 21 DF Johnny Ecker
6%
2003-2004 26 MF Laurent Batlles
6%
2004-2005 20 MF Laurent Batlles
6%
2005-2006 20 MF Laurent Batlles
6%
2000-2001 4 MF Lucas Bernardi
6%
2008-2009 17 FW Mamadou Samassa
6%
2010-2011 24 FW Mamadou Samassa
6%
2002-2003 15 MF Pascal Johansen
6%
2003-2004 15 MF Pascal Johansen
6%
2000-2001 2 DF Patrick Blondeau
6%
2006-2007 16 GK Sébastien Hamel
6%
2000-2001 1 GK Stéphane Trévisan
6%
2011-2012 23 FW Wesley Jobello
6%
2000-2001 10 MF Adriano Gabirú
5%
2001-2002 29 FW Alfonso
5%
2011-2012 29 FW Chris Gadi
5%
2000-2001 16 GK Damien Grégorini
5%
2001-2002 5 DF Eduardo Tuzzio
5%
2002-2003 5 DF Eduardo Tuzzio
5%
2007-2008 18 MF Elliot Grandin
5%
2008-2009 18 MF Elliot Grandin
5%
2002-2003 25 DF Fabien Laurenti
5%
2001-2002 15 DF Franck Jurietti
5%
2010-2011 29 FW Guy Gnabouyou
5%
2000-2001 27 DF Jacques Abardonado
5%
2007-2008 5 DF Jacques Faty
5%
2000-2001 10 MF Jovan Stankovic
5%
2007-2008 2 FW Kanga Akalé
5%
2000-2001 6 MF Klas Ingesson
5%
2002-2003 27 MF Michel Gafour
5%
2002-2003 24 MF Mickaël Marsiglia
5%
2001-2002 22 FW Pascal Nouma
5%
2003-2004 19 MF Rudi Skacel
5%
2006-2007 18 MF Thomas Deruda
5%
2004-2005 13 MF Ahmed Yahiaoui
4%
2001-2002 24 MF Alberto Rivera
4%
2000-2001 7 FW Alen Skoro
4%
2000-2001 11 FW Cyrille Pouget
4%
2008-2009 22 DF Elamine Erbate
4%
2005-2006 18 DF Jérôme Bonnissel
4%
2000-2001 7 MF Marcelinho Paraíba
4%
2007-2008 13 FW Salim Arrache
4%
2002-2003 14 FW Papis M'Bodji
3%
No matching quizzes found
Score Distribution
Percent of People with Each Score
Percentile by Number Answered
Your Score History
You have not taken this quiz since the last reset